[Event "Chigorin Memorial"]
[Site "St Petersburg"]
[Date "2016.10.20"]
[Round "6.48"]
[White "Venkatesh, M.R."]
[Black "Saidov, Bilukhadzh"]
[Result "1-0"]
[WhiteElo "2444"]
[BlackElo "2230"]
[PlyCount "73"]
[EventDate "2016.10.15"]
[EventType "swiss"]
[EventRounds "9"]
[EventCountry "RUS"]

1. e4 c5 2. Nc3 Nc6 3. Bb5 Nd4 4. Bc4 g6 5. Nf3 Bg7 6. Nxd4 cxd4 7. Qf3 Nf6 8.
Nb5 O-O 9. Nxd4 e5 10. Ne2 d5 11. exd5 Bg4 12. Qb3 b5 13. Qxb5 Rb8 14. Qa4 a5
15. c3 Qc8 16. Qc6 Qf5 17. f3 Rfc8 18. Qa4 Bxf3 19. gxf3 Qxf3 20. Rf1 Qg2 21.
b3 Ng4 22. d6 Nxh2 23. Rxf7 Kh8 24. Kd1 Nf3 25. d7 Rd8 26. Qxa5 Qh1+ 27. Kc2
Ne1+ 28. Kb2 Qe4 29. Qd5 Qc2+ 30. Ka3 Ra8+ 31. Kb4 Qd1 32. Kb5 Nc2 33. Rxg7
Nxa1 34. Re7 Rab8+ 35. Kc6 Rbc8+ 36. Kd6 Rxc4 37. Qxe5+ 1-0

[Event "Chigorin Memorial"]
[Site "St Petersburg"]
[Date "2016.10.20"]
[Round "6.49"]
[White "Mamyrbay, Assad"]
[Black "Lovkov, Roman"]
[Result "0-1"]
[WhiteElo "2246"]
[BlackElo "2441"]
[PlyCount "130"]
[EventDate "2016.10.15"]
[EventType "swiss"]
[EventRounds "9"]
[EventCountry "RUS"]

1. e4 c6 2. d4 d5 3. Nd2 dxe4 4. Nxe4 Bf5 5. Ng3 Bg6 6. h4 h6 7. Nf3 Nd7 8. h5
Bh7 9. Bd3 Bxd3 10. Qxd3 e6 11. Bd2 a5 12. c4 Bb4 13. d5 Nb6 14. Bxb4 axb4 15.
Qd4 cxd5 16. c5 Nd7 17. O-O Ngf6 18. Qxb4 O-O 19. Rfc1 Qc7 20. Qd2 Ne4 21. Nxe4
dxe4 22. Nh2 Nf6 23. Qc2 Qf4 24. Nf1 Rfd8 25. Ne3 Qg5 26. b4 Ra3 27. b5 Rc8 28.
Qc4 Rxe3 29. fxe3 Qxe3+ 30. Kh1 Ng4 31. Qc3 Nf2+ 32. Kh2 Nd3 33. c6 Qf4+ 34.
Kg1 Qf2+ 35. Kh1 Qh4+ 36. Kg1 Qf2+ 37. Kh1 Nxc1 38. Rxc1 bxc6 39. bxc6 Qxa2 40.
c7 Qd5 41. Rb1 Qd6 42. Rc1 e3 43. Kg1 Qf4 44. Qd3 e2 45. Qd8+ Kh7 46. Qd3+ f5
47. Re1 Rxc7 48. Qxe2 Rc6 49. Rd1 Rc1 50. Rxc1 Qxc1+ 51. Kh2 Qf4+ 52. g3 Qg4
53. Qxe6 Qxh5+ 54. Kg2 Qg4 55. Kf2 h5 56. Qe7 Qe4 57. Qxe4 fxe4 58. Ke3 Kg6 59.
Kf4 Kf6 60. Kxe4 Kg5 61. Kf3 Kf5 62. Ke2 Kg4 63. Kf2 Kh3 64. Kf3 g5 65. Kf2 g4
0-1

[Event "Chigorin Memorial"]
[Site "St Petersburg"]
[Date "2016.10.20"]
[Round "6.51"]
[White "Usmanov, Vasily"]
[Black "Puraev, Artemiy"]
[Result "1/2-1/2"]
[WhiteElo "2431"]
[BlackElo "2204"]
[PlyCount "80"]
[EventDate "2016.10.15"]
[EventType "swiss"]
[EventRounds "9"]
[EventCountry "RUS"]

1. d4 e6 2. c4 d5 3. Nf3 Nf6 4. g3 Bb4+ 5. Nbd2 O-O 6. Qc2 b6 7. Bg2 Bb7 8. O-O
Be7 9. Rd1 c5 10. cxd5 exd5 11. Nb1 Nc6 12. Nc3 Qc8 13. Bg5 Rd8 14. dxc5 bxc5
15. Bxf6 Nb4 16. Qb3 Bxf6 17. a3 d4 18. axb4 dxc3 19. bxc3 cxb4 20. Rxd8+ Qxd8
21. Qxb4 Rb8 22. Rb1 Be7 23. Qd4 Bxf3 24. Qxd8+ Rxd8 25. Bxf3 Rd7 26. Rb8+ Bf8
27. Rc8 a5 28. c4 a4 29. Ra8 a3 30. Bd5 g6 31. e4 Kg7 32. Kf1 Bc5 33. Ra5 Ra7
34. Rxa7 Bxa7 35. c5 Bxc5 36. f4 f6 37. Ke2 Kf8 38. Kf3 Ke7 39. e5 fxe5 40.
fxe5 Bd4 1/2-1/2

[Event "Chigorin Memorial"]
[Site "St Petersburg"]
[Date "2016.10.20"]
[Round "6.52"]
[White "Stukalov, Alexander"]
[Black "Smirnov, Artem"]
[Result "0-1"]
[WhiteElo "2243"]
[BlackElo "2409"]
[PlyCount "104"]
[EventDate "2016.10.15"]
[EventType "swiss"]
[EventRounds "9"]
[EventCountry "RUS"]

1. d4 Nf6 2. c4 e6 3. Nf3 Bb4+ 4. Bd2 a5 5. g3 d5 6. a3 Be7 7. Bg2 O-O 8. Qc2
Nbd7 9. O-O c6 10. Rd1 b5 11. c5 Ne4 12. Nc3 f5 13. b4 Bf6 14. Be1 Qe7 15. e3
a4 16. Nd2 Nxc3 17. Qxc3 e5 18. f4 e4 19. Nf1 g5 20. Kf2 Kh8 21. Ke2 Qg7 22.
Rd2 Rg8 23. Kd1 Nf8 24. Raa2 Bd7 25. Kc1 Ne6 26. fxg5 Bxg5 27. Kb1 Raf8 28. Rf2
Be8 29. Bh3 Bg6 30. Rad2 Bd8 31. Ka2 Ng5 32. Bg2 Bh5 33. Rb2 Bg4 34. Nd2 Bh3
35. Bxh3 Nxh3 36. Rg2 f4 37. Nf1 fxe3 38. Nxe3 Rf3 39. Qc1 Bf6 40. Bc3 Bxd4 41.
Bxd4 Qxd4 42. Rge2 Rgf8 43. Rbd2 Qg7 44. Nc2 Nf2 45. Nd4 Nd3 46. Qc3 Nf4 47.
Re3 Nd3 48. Rdxd3 exd3 49. Qxd3 Rf2+ 50. Re2 Qe5 51. Rd2 Qe1 52. Rc2 Rf1 0-1

[Event "Chigorin Memorial"]
[Site "St Petersburg"]
[Date "2016.10.20"]
[Round "6.53"]
[White "Chernyak, Viktoria"]
[Black "Palachev, Petr"]
[Result "0-1"]
[WhiteElo "2238"]
[BlackElo "2408"]
[PlyCount "100"]
[EventDate "2016.10.15"]
[EventType "swiss"]
[EventRounds "9"]
[EventCountry "RUS"]

1. Nf3 d5 2. g3 c6 3. Bg2 Bg4 4. c4 e6 5. cxd5 exd5 6. O-O Nf6 7. d3 Bc5 8. Qc2
Nbd7 9. Nc3 O-O 10. Bf4 Re8 11. Rad1 d4 12. Ne4 Nxe4 13. dxe4 Bxf3 14. Bxf3 Bb6
15. Rc1 Qe7 16. Rfd1 Nc5 17. Rxd4 Nb3 18. Qxb3 Bxd4 19. h4 h6 20. Rc4 Rad8 21.
Kg2 Qe6 22. Qc2 Qf6 23. Qb3 Re7 24. Rc2 g5 25. hxg5 hxg5 26. Be3 Kg7 27. Rc1
Qe5 28. Rd1 Rd6 29. Qa3 Red7 30. Bxd4 Rxd4 31. Rh1 b6 32. Rh5 c5 33. Qc3 f6 34.
Qe3 Rd8 35. Qa3 R4d7 36. Qa4 Re7 37. Qc2 Rh8 38. Rxh8 Kxh8 39. Qd2 Qd4 40. Qc1
Kg7 41. b3 b5 42. Qa3 Qd6 43. Bg4 Rxe4 44. Bf3 Re7 45. Qa5 c4 46. Qxb5 c3 47.
Qf5 Re5 48. Qc8 Rc5 49. Qe8 c2 50. Be4 f5 0-1

[Event "Chigorin Memorial"]
[Site "St Petersburg"]
[Date "2016.10.20"]
[Round "6.54"]
[White "Bublei, Pavel"]
[Black "Konaplev, Anton"]
[Result "1-0"]
[WhiteElo "2406"]
[BlackElo "2185"]
[PlyCount "193"]
[EventDate "2016.10.15"]
[EventType "swiss"]
[EventRounds "9"]
[EventCountry "RUS"]

1. d4 Nf6 2. c4 e6 3. Nc3 Bb4 4. Bd2 b6 5. Nf3 Bb7 6. e3 O-O 7. Bd3 Bxc3 8.
Bxc3 Ne4 9. Bxe4 Bxe4 10. d5 c5 11. Nd2 Bg6 12. O-O d6 13. f4 Re8 14. Qf3 Nd7
15. e4 Qh4 16. f5 Bh5 17. Qf4 Qxf4 18. Rxf4 g5 19. Rff1 e5 20. f6 Bg6 21. Rae1
a6 22. a4 Reb8 23. h3 Kf8 24. Nb1 b5 25. axb5 axb5 26. cxb5 Ra1 27. b3 Ra2 28.
Bd2 h6 29. h4 gxh4 30. Bxh6+ Ke8 31. Nd2 Rxb5 32. Bg5 Nb6 33. Rf3 Rb4 34. Rh3
Rxd2 35. Bxd2 Rxe4 36. Rxe4 Bxe4 37. Rxh4 Bg6 38. b4 cxb4 39. Rxb4 Nxd5 40.
Rb8+ Kd7 41. Bg5 Ke6 42. Rd8 Bh5 43. Kf2 Nc3 44. Kg3 Kf5 45. Kh4 Be2 46. Bd2
Ne4 47. Bb4 Ke6 48. g4 d5 49. Re8+ Kxf6 50. Kh5 Ng3+ 51. Kh4 Ne4 52. Ba5 Bb5
53. Bd8+ Kg6 54. Rxe5 Bc6 55. Bb6 Bd7 56. Bd4 Be6 57. Bb2 Kh6 58. Rh5+ Kg6 59.
Re5 Kh6 60. Ba3 Kg7 61. Be7 Kg6 62. Bd8 Nf2 63. Rg5+ Kh7 64. Rh5+ Kg6 65. g5
Ne4 66. Bb6 Kf5 67. Bd4 Kf4 68. Bb2 Kf5 69. Rh6 Bd7 70. Ra6 Be6 71. Ra1 Kg6 72.
Rf1 Bd7 73. Ra1 Be6 74. Ra8 Kh7 75. Rh8+ Kg6 76. Rg8+ Kf5 77. g6 f6 78. Re8 Nd6
79. Rf8 d4 80. Bxd4 Kxg6 81. Rxf6+ Kh7 82. Rxe6 Nf5+ 83. Kg5 Nxd4 84. Re7+ Kg8
85. Kf6 Nf3 86. Rg7+ Kf8 87. Rg3 Nd2 88. Re3 Nc4 89. Re6 Kg8 90. Re8+ Kh7 91.
Re4 Nd2 92. Rf4 Nb3 93. Rh4+ Kg8 94. Rg4+ Kh7 95. Rg7+ Kh8 96. Kg6 Nd4 97. Re7
1-0

[Event "Chigorin Memorial"]
[Site "St Petersburg"]
[Date "2016.10.20"]
[Round "6.55"]
[White "Apryshko, Gleb"]
[Black "Petrov, Dmitri"]
[Result "1-0"]
[WhiteElo "2392"]
[BlackElo "2200"]
[PlyCount "55"]
[EventDate "2016.10.15"]
[EventType "swiss"]
[EventRounds "9"]
[EventCountry "RUS"]

1. e4 c5 2. Nf3 e6 3. d3 Nc6 4. g3 g6 5. Bg2 Bg7 6. O-O Nge7 7. Re1 d6 8. c3
O-O 9. d4 cxd4 10. cxd4 d5 11. e5 b5 12. Nc3 Qb6 13. h4 Ba6 14. Ne2 b4 15. g4
f5 16. exf6 Bxe2 17. Qxe2 Rxf6 18. Bg5 Rxf3 19. Qxf3 Nxd4 20. Qd3 Nec6 21. Rad1
Rf8 22. Rd2 Qc5 23. h5 e5 24. hxg6 h6 25. Qh3 e4 26. Bxh6 Nf3+ 27. Bxf3 Rxf3
28. Qxf3 1-0

[Event "Chigorin Memorial"]
[Site "St Petersburg"]
[Date "2016.10.20"]
[Round "6.56"]
[White "Cherednichenko, Dmitrij"]
[Black "Ponfilenok, Vladimir"]
[Result "1/2-1/2"]
[WhiteElo "2231"]
[BlackElo "2390"]
[PlyCount "211"]
[EventDate "2016.10.15"]
[EventType "swiss"]
[EventRounds "9"]
[EventCountry "RUS"]

1. e4 e6 2. d4 d5 3. Nc3 Bb4 4. a3 Bxc3+ 5. bxc3 dxe4 6. Qg4 Nf6 7. Qxg7 Rg8 8.
Qh6 b6 9. Ne2 Rg6 10. Qd2 Bb7 11. c4 c5 12. dxc5 Qxd2+ 13. Bxd2 bxc5 14. Rb1
Bc6 15. Nf4 Rg8 16. Bc3 Nbd7 17. Rg1 Ke7 18. g3 Ng4 19. Be2 Nge5 20. Kd2 Rad8
21. Kc1 Ng4 22. Bxg4 Rxg4 23. Ng2 Rgg8 24. Ne3 Nf6 25. Rd1 h5 26. h4 Nd7 27.
Ng2 Nf6 28. Ne3 Rxd1+ 29. Kxd1 Nd7 30. Ke2 f6 31. Ng2 e5 32. Ne3 Ke6 33. Ba5 f5
34. Nd5 Bxd5 35. cxd5+ Kxd5 36. Rb7 Nf6 37. Rf7 Ke6 38. Rxa7 f4 39. gxf4 exf4
40. Ra6+ Kf5 41. Rc6 f3+ 42. Kd2 Ng4 43. Rxc5+ Ke6 44. Ke1 e3 45. fxe3 f2+ 46.
Ke2 Rf8 47. Rc6+ Kd5 48. Rd6+ Kc4 49. Rd1 Nh2 50. Bc7 f1=Q+ 51. Rxf1 Nxf1 52.
Bf4 Nxe3 53. Kxe3 Kc3 54. Ke4 Kxc2 55. a4 Kd1 56. a5 Ke2 57. Bg5 Ra8 58. Kf4
Rxa5 59. Kg3 Rf5 60. Kg2 Kd3 61. Kg3 Ke4 62. Kg2 Kd3 63. Kg3 Ke2 64. Kg2 Rf3
65. Kg1 Rg3+ 66. Kh2 Kf3 67. Kh1 Rg2 68. Bf6 Kg3 69. Be5+ Kh3 70. Bf6 Rf2 71.
Bd4 Rd2 72. Bg1 Kxh4 73. Bh2 Kh3 74. Bg1 Kg3 75. Bb6 Ra2 76. Bc5 Kh3 77. Bd4
Rh2+ 78. Kg1 Rd2 79. Be5 Rd1+ 80. Kf2 Rd5 81. Bc7 Rg5 82. Bd6 Rg2+ 83. Kf1 Rg6
84. Bc7 Rg7 85. Bd6 Rg2 86. Bc7 h4 87. Bd6 Rg3 88. Kf2 Rg2+ 89. Kf1 Rg6 90. Bc7
Rc6 91. Be5 Rc1+ 92. Kf2 Rc2+ 93. Kf1 Rg2 94. Bd6 Rg6 95. Bc7 Rf6+ 96. Kg1 Rc6
97. Be5 Rc2 98. Bd6 Kg4 99. Kh1 Ra2 100. Bc7 Ra1+ 101. Kh2 Ra2+ 102. Kh1 Kf3
103. Bd6 Kf2 104. Bc5+ Kf1 105. Bd6 Rg2 106. Bc7 1/2-1/2

[Event "Chigorin Memorial"]
[Site "St Petersburg"]
[Date "2016.10.20"]
[Round "6.57"]
[White "Tologontegin, Semetey"]
[Black "Shurunov, Andrei"]
[Result "1-0"]
[WhiteElo "2371"]
[BlackElo "2158"]
[PlyCount "119"]
[EventDate "2016.10.15"]
[EventType "swiss"]
[EventRounds "9"]
[EventCountry "RUS"]

1. Nf3 Nf6 2. g3 d5 3. Bg2 Bf5 4. O-O c6 5. d3 h6 6. b3 e6 7. Bb2 Nbd7 8. Nbd2
Be7 9. c4 O-O 10. Rc1 Qb6 11. Rc2 Rad8 12. Qa1 Rfe8 13. Ne5 Nxe5 14. Bxe5 Ng4
15. Bb2 Bc5 16. Qe1 Bd4 17. Bc1 Ne5 18. Nf3 Nxf3+ 19. Bxf3 e5 20. cxd5 cxd5 21.
Bg2 e4 22. dxe4 dxe4 23. e3 Bf6 24. Bd2 Qa6 25. Bc3 Rc8 26. Qa1 Rc6 27. Rcc1
Bxc3 28. Rxc3 Rec8 29. Rxc6 Qxc6 30. Qd4 a6 31. h3 h5 32. Rd1 Qe6 33. Rd2 Rc1+
34. Kh2 Qc6 35. Qd8+ Kh7 36. Rd5 Qe6 37. Qa5 g6 38. Qd2 Rc8 39. Qd4 Re8 40. a4
Qc6 41. Rc5 Qb6 42. Qc3 Rd8 43. a5 Qd6 44. b4 Kg8 45. Rc7 Qd5 46. Qf6 Re8 47.
Bf1 Be6 48. Bg2 Rc8 49. Rxc8+ Bxc8 50. Qd4 Qxd4 51. exd4 f5 52. f3 exf3 53.
Bxf3 Kf7 54. Kg2 Ke6 55. h4 Kf6 56. Kf2 g5 57. Bxh5 g4 58. Be8 Be6 59. Ke3 Bd5
60. Kf4 1-0

[Event "Chigorin Memorial"]
[Site "St Petersburg"]
[Date "2016.10.20"]
[Round "6.58"]
[White "Nesterov, Arseniy"]
[Black "Vokhidov, Shamsiddin"]
[Result "1-0"]
[WhiteElo "2214"]
[BlackElo "2366"]
[PlyCount "125"]
[EventDate "2016.10.15"]
[EventType "swiss"]
[EventRounds "9"]
[EventCountry "RUS"]

1. d4 d5 2. c4 e6 3. Nc3 Bb4 4. e3 Nf6 5. a3 Bxc3+ 6. bxc3 c6 7. Bd3 e5 8. dxe5
dxc4 9. Bc2 Qxd1+ 10. Bxd1 Ne4 11. Bb2 Be6 12. Bc2 Nc5 13. Rd1 Nbd7 14. f4 Bd5
15. Nf3 Be4 16. Bxe4 Nxe4 17. Rd4 Nec5 18. Rxc4 Nd3+ 19. Ke2 b5 20. Kxd3 bxc4+
21. Kxc4 O-O-O 22. Ng5 Nb6+ 23. Kb3 Rd7 24. Ne4 Kc7 25. Re1 Rb8 26. Nc5 Nc8+
27. Kc2 Rxb2+ 28. Kxb2 Rd2+ 29. Kb3 Rxg2 30. Rd1 Nb6 31. e6 fxe6 32. Nxe6+ Kb7
33. Nd8+ Kc7 34. Ne6+ Kb7 35. Rd8 g6 36. Nc5+ Kc7 37. Ne6+ Kb7 38. h4 Rh2 39.
Nc5+ Kc7 40. Ne6+ Kb7 41. Rh8 Rxh4 42. Nf8 Nd5 43. Rxh7+ Rxh7 44. Nxh7 Nxe3 45.
Nf8 Kb6 46. Nxg6 Kc5 47. Ne5 Kd5 48. c4+ Kd6 49. Kc3 c5 50. Kd2 Nf5 51. Nf3 Ke7
52. Kd3 Kd6 53. Ng5 Kc6 54. Nf7 Kb6 55. Ke4 Ng3+ 56. Kd5 Ne2 57. f5 Nc3+ 58.
Ke5 Kc6 59. f6 Kd7 60. Ng5 Nb1 61. Nh7 Nxa3 62. f7 Nxc4+ 63. Kf4 1-0

[Event "Chigorin Memorial"]
[Site "St Petersburg"]
[Date "2016.10.20"]
[Round "6.59"]
[White "Shpartko, Grigory"]
[Black "Schekachikhin, Maksim"]
[Result "0-1"]
[WhiteElo "2201"]
[BlackElo "2347"]
[PlyCount "72"]
[EventDate "2016.10.15"]
[EventType "swiss"]
[EventRounds "9"]
[EventCountry "RUS"]

1. d4 d5 2. Nf3 Nf6 3. c4 e6 4. Nc3 c6 5. Bg5 h6 6. Bxf6 Qxf6 7. Qb3 Nd7 8. e4
dxe4 9. Nxe4 Qf4 10. Bd3 Be7 11. O-O O-O 12. Rfe1 b6 13. a4 Qc7 14. a5 bxa5 15.
c5 e5 16. Nxe5 Nxe5 17. dxe5 Qxe5 18. Nd6 Qf6 19. Nxc8 Bxc5 20. Re2 Raxc8 21.
Rxa5 Rb8 22. Qc4 Bd4 23. Rf5 Qd6 24. b3 c5 25. h4 Qd7 26. Rd5 Qb7 27. Bc2 Rfe8
28. Rd6 Qc7 29. Ra6 Qd7 30. Be4 Re5 31. Bf3 Rxe2 32. Qxe2 Rxb3 33. Rxa7 Qxa7
34. Qe8+ Kh7 35. Bh5 Rb1+ 36. Kh2 Qb8+ 0-1

[Event "Chigorin Memorial"]
[Site "St Petersburg"]
[Date "2016.10.20"]
[Round "6.60"]
[White "Dilmukhametov, Artur"]
[Black "Feduk, Viktor"]
[Result "0-1"]
[WhiteElo "2347"]
[BlackElo "2150"]
[PlyCount "66"]
[EventDate "2016.10.15"]
[EventType "swiss"]
[EventRounds "9"]
[EventCountry "RUS"]

1. e4 e5 2. Nf3 Nc6 3. Bb5 a6 4. Ba4 Nf6 5. d4 exd4 6. O-O d6 7. Bxc6+ bxc6 8.
Nxd4 Bd7 9. Nc3 Be7 10. Qf3 O-O 11. e5 dxe5 12. Nxc6 Bxc6 13. Qxc6 Qb8 14. Re1
Bd6 15. Bg5 Nh5 16. b3 f5 17. Qc4+ Kh8 18. Nd5 Qe8 19. Be7 Qg6 20. Bxf8 Rxf8
21. f3 e4 22. fxe4 c6 23. exf5 Qxf5 24. Qxc6 Qf2+ 25. Kh1 Ng3+ 26. hxg3 Qxg3
27. Qxd6 Qxd6 28. c4 g5 29. Re4 Qg3 30. Re3 Qh4+ 31. Kg1 Qf2+ 32. Kh2 g4 33.
Rg3 Rf5 0-1

[Event "Chigorin Memorial"]
[Site "St Petersburg"]
[Date "2016.10.20"]
[Round "6.61"]
[White "Kuznetsov, Felix"]
[Black "Pershin, Denis"]
[Result "0-1"]
[WhiteElo "2200"]
[BlackElo "2345"]
[PlyCount "82"]
[EventDate "2016.10.15"]
[EventType "swiss"]
[EventRounds "9"]
[EventCountry "RUS"]

1. f4 d5 2. Nf3 g6 3. g3 Bg7 4. Bg2 Nf6 5. O-O O-O 6. d3 Re8 7. c4 c6 8. h3
Qb6+ 9. Kh2 dxc4 10. dxc4 Be6 11. Qc2 Bf5 12. Qb3 Nbd7 13. Nc3 Ne4 14. Nxe4
Bxe4 15. Nd2 Bxg2 16. Kxg2 Nc5 17. Qc2 f5 18. Rb1 e5 19. b4 Nd7 20. c5 Qb5 21.
Nc4 exf4 22. a4 Qa6 23. Bxf4 Re4 24. Rfc1 Be5 25. e3 Bxf4 26. gxf4 Nf6 27. Qb3
Kg7 28. Kf2 Re7 29. Rd1 b5 30. axb5 cxb5 31. Ne5 Ne4+ 32. Kg2 Qf6 33. Qb2 Kh6
34. Nf3 Qc6 35. Rd4 a5 36. Qe2 axb4 37. Rdxb4 Nc3 38. Qf2 Qxc5 39. Ng5 Kg7 40.
R1b3 Ra2 41. Rb2 Nd1 0-1

[Event "Chigorin Memorial"]
[Site "St Petersburg"]
[Date "2016.10.20"]
[Round "6.62"]
[White "Janiashvili, Irakli"]
[Black "Yandarbiev, Ruslan"]
[Result "1/2-1/2"]
[WhiteElo "2171"]
[BlackElo "2342"]
[PlyCount "83"]
[EventDate "2016.10.15"]
[EventType "swiss"]
[EventRounds "9"]
[EventCountry "RUS"]

1. e4 c5 2. Nf3 d6 3. d4 Nf6 4. Nc3 cxd4 5. Nxd4 a6 6. a4 e5 7. Nb3 Be6 8. Be2
Be7 9. Be3 Nbd7 10. O-O O-O 11. a5 Qc7 12. Nd5 Nxd5 13. exd5 Bf5 14. c4 Bg6 15.
Nd2 f5 16. f3 Qd8 17. b4 Bg5 18. Qb3 Qe7 19. Rac1 Rac8 20. Rfd1 Kh8 21. Bxg5
Qxg5 22. Qa3 Nf6 23. Nf1 f4 24. c5 dxc5 25. bxc5 e4 26. c6 exf3 27. Bxf3 bxc6
28. Rxc6 Bh5 29. Rxa6 Bxf3 30. Qxf3 Ng4 31. Re6 Ne5 32. Qe4 f3 33. g3 Ng4 34.
h4 Qh5 35. Rd4 Nf6 36. Qe5 Qg6 37. Rf4 Qd3 38. Rexf6 gxf6 39. Rxf6 Kg8 40. Qg5+
Kh8 41. Qe5 Kg8 42. Qg5+ 1/2-1/2

[Event "Chigorin Memorial"]
[Site "St Petersburg"]
[Date "2016.10.20"]
[Round "6.63"]
[White "Gevorgyan, David Sh"]
[Black "Nasybullina, Alfia"]
[Result "1-0"]
[WhiteElo "2335"]
[BlackElo "2149"]
[PlyCount "113"]
[EventDate "2016.10.15"]
[EventType "swiss"]
[EventRounds "9"]
[EventCountry "RUS"]

1. d4 e6 2. c4 d5 3. Nc3 a6 4. cxd5 exd5 5. Nf3 c6 6. Qc2 Bd6 7. Bg5 Ne7 8. e4
dxe4 9. Nxe4 Bb4+ 10. Bd2 Bxd2+ 11. Qxd2 O-O 12. Be2 Bg4 13. O-O Nd7 14. Rfe1
Nd5 15. Rac1 N7f6 16. Nc5 Bxf3 17. Bxf3 Qc7 18. Re5 h6 19. Rce1 Rfd8 20. h4 b6
21. Nd3 Rac8 22. g3 a5 23. a3 Qd6 24. Nf4 Nd7 25. Nxd5 Nxe5 26. dxe5 Qf8 27.
Nf6+ gxf6 28. Qf4 fxe5 29. Rxe5 Rd6 30. Rf5 Rcd8 31. Bh5 f6 32. Bf3 Rd4 33. Qe3
R8d6 34. Qb3+ Qf7 35. Qxb6 Qe6 36. Qxa5 Rd2 37. Kg2 Qe1 38. Qa8+ Rd8 39. Qa7
R8d4 40. Qb8+ Kg7 41. Bxc6 Rd1 42. Kh2 Qe6 43. Qc7+ Kg6 44. Rb5 h5 45. Rb7 Qg8
46. Ba4 R1d2 47. Bc2+ Rxc2 48. Qxc2+ Kh6 49. Qc1+ Kg6 50. Qc2+ Kh6 51. Qc3 Qd8
52. Qe3+ Kg6 53. Qe6 Kh6 54. Re7 Rd6 55. Qe3+ Kg6 56. Qe4+ f5 57. Qe3 1-0

[Event "Chigorin Memorial"]
[Site "St Petersburg"]
[Date "2016.10.20"]
[Round "6.64"]
[White "Scott, Gordon W"]
[Black "Borisovsky, Dmitry"]
[Result "0-1"]
[WhiteElo "2168"]
[BlackElo "2335"]
[PlyCount "108"]
[EventDate "2016.10.15"]
[EventType "swiss"]
[EventRounds "9"]
[EventCountry "RUS"]

1. d4 Nf6 2. c4 g6 3. Nc3 d5 4. cxd5 Nxd5 5. Bd2 Bg7 6. e4 Nxc3 7. Bxc3 Nc6 8.
Bb5 Qd6 9. Nf3 O-O 10. h3 Rd8 11. Bxc6 Qxc6 12. Qe2 Be6 13. Qe3 Qa6 14. b3 Bd7
15. Nd2 Rac8 16. f3 c5 17. d5 e6 18. Bxg7 Kxg7 19. Qc3+ f6 20. Kf2 exd5 21.
exd5 Bf5 22. Rhe1 Rc7 23. g4 Qd3 24. Nb1 Rxd5 25. gxf5 Qxf5 26. Nd2 Rd3 27. Qb2
Rcd7 28. Re2 Qf4 29. Ke1 Qg3+ 30. Kd1 Qxf3 31. Ke1 Qg3+ 32. Kd1 Qf3 33. Ke1
Rxd2 34. Rxd2 Re7+ 35. Re2 Qh1+ 36. Kf2 Qh2+ 37. Kf3 Qxh3+ 38. Kf2 Qh2+ 39. Kf3
Qh3+ 40. Kf2 Qh2+ 41. Kf3 Qh5+ 42. Kf2 Qh4+ 43. Kg2 Qg4+ 44. Kf2 Rxe2+ 45. Qxe2
Qd4+ 46. Kg2 Qxa1 47. Qe7+ Kh6 48. Qf8+ Kh5 49. Qxc5+ Qe5 50. Qxa7 Qe4+ 51. Kh2
f5 52. Qa5 Kg4 53. Qc3 Qe2+ 54. Kg1 f4 0-1

[Event "Chigorin Memorial"]
[Site "St Petersburg"]
[Date "2016.10.20"]
[Round "6.65"]
[White "Tsoi, Dmitry"]
[Black "Maltsevskaya, Aleksandra"]
[Result "1-0"]
[WhiteElo "2160"]
[BlackElo "2319"]
[PlyCount "133"]
[EventDate "2016.10.15"]
[EventType "swiss"]
[EventRounds "9"]
[EventCountry "RUS"]

1. e4 c5 2. Nf3 e6 3. d4 cxd4 4. Nxd4 Nc6 5. Nb5 d6 6. c4 Nf6 7. N1c3 a6 8. Na3
Be7 9. Be2 O-O 10. Be3 b6 11. O-O Bb7 12. f3 Ne5 13. Qb3 Ned7 14. Rfd1 Qc7 15.
Rac1 Rac8 16. Nc2 Qb8 17. Nd4 Bd8 18. Kh1 Bc7 19. Bg1 Kh8 20. Qa4 Rfe8 21. b4
d5 22. cxd5 exd5 23. Bxa6 Bxa6 24. Qxa6 Bf4 25. Rc2 dxe4 26. Nxe4 Nxe4 27. Rxc8
Rxc8 28. fxe4 Nf6 29. b5 Qa8 30. Nc6 Nxe4 31. Bxb6 Nc3 32. Rd8+ Rxd8 33. Bxd8
Qxa6 34. bxa6 Be3 35. Bg5 Bb6 36. a7 Bxa7 37. Nxa7 Nxa2 38. Bd2 f5 39. Kg1 Kg8
40. Kf2 Kf7 41. Ke3 g5 42. Kd3 f4 43. Kc4 Ke6 44. Nc6 Kf5 45. Kd5 h5 46. Nd4+
Kg4 47. Ne2 Kf5 48. Be1 h4 49. Nd4+ Kg6 50. Bd2 h3 51. gxh3 Kh5 52. Nf3 g4 53.
Ne5 g3 54. hxg3 fxg3 55. Nf3 Kg6 56. Ke5 g2 57. Kf4 Kf6 58. Kg3 Kf5 59. Kxg2
Ke4 60. h4 Kf5 61. Kg3 Kg6 62. Kg4 Kh7 63. Kg5 Kg8 64. Kg6 Kh8 65. h5 Kg8 66.
h6 Kh8 67. h7 1-0

[Event "Chigorin Memorial"]
[Site "St Petersburg"]
[Date "2016.10.20"]
[Round "6.66"]
[White "Belous, Mikhail"]
[Black "Drogovoz, Irina"]
[Result "1-0"]
[WhiteElo "2314"]
[BlackElo "2144"]
[PlyCount "65"]
[EventDate "2016.10.15"]
[EventType "swiss"]
[EventRounds "9"]
[EventCountry "RUS"]

1. d4 Nf6 2. c4 g6 3. Nc3 d5 4. cxd5 Nxd5 5. e4 Nxc3 6. bxc3 Bg7 7. Bc4 O-O 8.
Ne2 c5 9. O-O Nc6 10. Be3 Qc7 11. Rc1 Rd8 12. f4 Bg4 13. f5 gxf5 14. Qe1 e6 15.
Nf4 Na5 16. Bxe6 fxe6 17. Nxe6 Qd7 18. Nxd8 Rxd8 19. h3 Bh5 20. Rxf5 Bg6 21.
Rxc5 b6 22. Rd5 Qe8 23. Rxd8 Qxd8 24. Bf4 Qf8 25. Qg3 Bxe4 26. Re1 Bg6 27. Bd6
Qd8 28. Be5 Bf8 29. h4 Be7 30. h5 Bh4 31. Qg4 Bxe1 32. hxg6 Bf2+ 33. Kxf2 1-0

[Event "Chigorin Memorial"]
[Site "St Petersburg"]
[Date "2016.10.20"]
[Round "6.67"]
[White "Martynyuk, Elizaveta"]
[Black "Musaev, Rasul"]
[Result "1-0"]
[WhiteElo "2151"]
[BlackElo "2312"]
[PlyCount "85"]
[EventDate "2016.10.15"]
[EventType "swiss"]
[EventRounds "9"]
[EventCountry "RUS"]

1. e4 c5 2. Nf3 Nc6 3. d4 cxd4 4. Nxd4 Nf6 5. Nc3 d6 6. Bg5 Qb6 7. Nb3 e6 8. f3
Be7 9. Qd2 O-O 10. h4 Rd8 11. O-O-O a6 12. h5 Qc7 13. g4 b5 14. Be3 Ne5 15. g5
Nfd7 16. g6 b4 17. gxf7+ Kf8 18. Na4 Nc5 19. Naxc5 dxc5 20. Qf2 Rxd1+ 21. Kxd1
c4 22. Nd4 Qa5 23. Qg3 b3 24. Rg1 Bf6 25. axb3 Qa1+ 26. Bc1 Nxf7 27. c3 cxb3
28. Qc7 Qa4 29. Qc5+ Be7 30. Qc4 Qd7 31. Bh3 Nd8 32. Bf4 a5 33. Be5 a4 34.
Bxg7+ Kf7 35. Bh6 Ba6 36. Rg7+ Ke8 37. Rxe7+ Qxe7 38. Qxa4+ Kf7 39. Qxb3 Bc8
40. Kc2 Qh4 41. Qb4 Qe7 42. Qb5 e5 43. Qd5+ 1-0

[Event "Chigorin Memorial"]
[Site "St Petersburg"]
[Date "2016.10.20"]
[Round "6.68"]
[White "Nazaretyan, Tigran"]
[Black "Zaykov, Sergey"]
[Result "1-0"]
[WhiteElo "2308"]
[BlackElo "2131"]
[PlyCount "107"]
[EventDate "2016.10.15"]
[EventType "swiss"]
[EventRounds "9"]
[EventCountry "RUS"]

1. Nf3 d5 2. c4 c6 3. e3 e6 4. b3 f5 5. Be2 Nf6 6. O-O Bd6 7. Ba3 Bxa3 8. Nxa3
Qd6 9. Qc1 O-O 10. Qb2 Nbd7 11. d4 Ne4 12. b4 a6 13. Nc2 b5 14. c5 Qc7 15. a4
Bb7 16. Ra3 Rae8 17. axb5 cxb5 18. Nce1 e5 19. Nd3 exd4 20. exd4 Rf6 21. Rc1
Rfe6 22. Rc2 g5 23. Qc1 h6 24. Nfe5 Nxe5 25. Nxe5 R6e7 26. Bd3 Bc8 27. Qd1 Nf6
28. Re2 Kg7 29. g3 Nd7 30. f4 Nxe5 31. fxe5 Qc6 32. Rf2 Rf8 33. Bc2 Ref7 34.
Qd3 Rg8 35. Ra1 Kf8 36. Kh1 Ke7 37. Qf3 Qe6 38. Bb3 Rd8 39. Rc1 Bb7 40. Rfc2
Bc6 41. Ra2 Ra8 42. Rca1 Bb7 43. Rf2 Rc8 44. Bc2 Rcf8 45. Raf1 Bc8 46. Qh5 Qc6
47. e6 Bxe6 48. Qxh6 g4 49. Bxf5 Kd8 50. Kg1 Rf6 51. Qg5 Kc7 52. Bxe6 Rxf2 53.
Rxf2 Rxf2 54. Qe7+ 1-0